00645nam a22001817a 450000500170000000800410001702000170005804000290007505000230010410000260012724500340015326000500018730000100023765000710024794200150031895201130033399900170044620260618124511.0260618b |||||||| |||| 00| 0 eng d a0-59043372-5 cChuka University Library aLB 1576 bL86 1998 aLunsford Susan930189 aLiterature Based Mini Lessons aNew YorkbScholastic professional booksc1998 a128p. 2English Language...composition and exercise.... study and teaching 2lcccBKn0 00102lcc4070aCHKbCHKd2026-06-18l0oLB 1576. L86 1998p35464/2026r2026-06-18 12:47:37w2026-06-18yBK c24785d24785